ბათუმის შოთა რუსთაველის სახელმწიფო უნივერსიტეტის ბიბლიოთეკა

მელიორაცია სოფლის მეურნეობაში I (ბიბ.ჩანაწერი № 44410)

000 -LEADER
fixed length control field 00693nam a2200205Ia 4500
001 - CONTROL NUMBER
control field 11176
003 - CONTROL NUMBER IDENTIFIER
control field GE_BSU
008 - FIXED-LENGTH DATA ELEMENTS--GENERAL INFORMATION
fixed length control field 181216s||||||||xx |||||||||||||| ||und||
040 ## - CATALOGING SOURCE
Transcribing agency GE_BSU
080 ## - UNIVERSAL DECIMAL CLASSIFICATION NUMBER
Universal Decimal Classification number 631.6
100 ## - MAIN ENTRY--PERSONAL NAME
Personal name იაშვილი ნ.
245 ## - TITLE STATEMENT
Title მელიორაცია სოფლის მეურნეობაში I
245 ## - TITLE STATEMENT
Statement of responsibility, etc. რედ. ბ.ხასია მხატვ. გ.ნადირაძე
260 ## - PUBLICATION, DISTRIBUTION, ETC.
Place of publication, distribution, etc. თბილისი.
260 ## - PUBLICATION, DISTRIBUTION, ETC.
Name of publisher, distributor, etc. მეცნიერება.
260 ## - PUBLICATION, DISTRIBUTION, ETC.
Date of publication, distribution, etc. 1970
300 ## - PHYSICAL DESCRIPTION
Extent 229გვ.26სმ.
653 ## - INDEX TERM--UNCONTROLLED
Uncontrolled term მელიორაცია სოფლის მეურნეობაში I
942 ## - ADDED ENTRY ELEMENTS (KOHA)
Koha item type წიგნი
ეგზემპლარები
Withdrawn status Lost status Damaged status Not for loan Date acquired Barcode Date last seen Price effective from Koha item type
        2018-12-17 19062 2018-12-17 2018-12-17 წიგნი
        2018-12-17 19063 2018-12-17 2018-12-17 წიგნი
        2018-12-17 19064 2018-12-17 2018-12-17 წიგნი
        2018-12-17 19065 2018-12-17 2018-12-17 წიგნი
        2018-12-17 19066 2018-12-17 2018-12-17 წიგნი
        2018-12-17 19067 2018-12-17 2018-12-17 წიგნი
        2018-12-17 19068 2018-12-17 2018-12-17 წიგნი
        2018-12-17 19069 2018-12-17 2018-12-17 წიგნი
        2018-12-17 19070 2018-12-17 2018-12-17 წიგნი
        2018-12-17 19071 2018-12-17 2018-12-17 წიგნი
        2018-12-17 19072 2018-12-17 2018-12-17 წიგნი
        2018-12-17 19073 2018-12-17 2018-12-17 წიგნი
        2018-12-17 19074 2018-12-17 2018-12-17 წიგნი
        2018-12-17 19075 2018-12-17 2018-12-17 წიგნი
        2018-12-17 19076 2018-12-17 2018-12-17 წიგნი
        2018-12-17 19077 2018-12-17 2018-12-17 წიგნი
        2018-12-17 19078 2018-12-17 2018-12-17 წიგნი
        2018-12-17 19079 2018-12-17 2018-12-17 წიგნი